<?xml version="1.0" encoding="UTF-8"?>
<collection xmlns="http://www.loc.gov/MARC21/slim">
 <record>
  <leader>00918nam a2200217 a 4500</leader>
  <controlfield tag="001">1/54642</controlfield>
  <controlfield tag="008">211207s2009    gr            000 | eng d</controlfield>
  <datafield tag="040" ind1=" " ind2=" ">
   <subfield code="a">GR-PeUP</subfield>
  </datafield>
  <datafield tag="082" ind1="0" ind2="0">
   <subfield code="a">325.21095609495 VIO</subfield>
  </datafield>
  <datafield tag="245" ind1="0" ind2="4">
   <subfield code="a">The violations of the human rights of the Greek minority in Turkey :</subfield>
   <subfield code="b">atrocities and persecutions, 1923-2009.</subfield>
  </datafield>
  <datafield tag="260" ind1=" " ind2=" ">
   <subfield code="a">Athens :</subfield>
   <subfield code="b">Constantinopolitan Society,</subfield>
   <subfield code="c">2009.</subfield>
  </datafield>
  <datafield tag="300" ind1=" " ind2=" ">
   <subfield code="a">33 σ. ;</subfield>
   <subfield code="c">24 εκ.</subfield>
  </datafield>
  <datafield tag="650" ind1=" " ind2="0">
   <subfield code="a">Greeks</subfield>
   <subfield code="x">Crimes against</subfield>
   <subfield code="z">Turkey</subfield>
   <subfield code="x">History.</subfield>
  </datafield>
  <datafield tag="650" ind1=" " ind2="0">
   <subfield code="a">Persecution</subfield>
   <subfield code="z">Turkey</subfield>
   <subfield code="x">History.</subfield>
  </datafield>
  <datafield tag="650" ind1=" " ind2="0">
   <subfield code="a">Deportation</subfield>
   <subfield code="z">Turkey</subfield>
   <subfield code="x">History.</subfield>
  </datafield>
  <datafield tag="650" ind1=" " ind2="0">
   <subfield code="a">Human rights.</subfield>
  </datafield>
  <datafield tag="650" ind1=" " ind2="4">
   <subfield code="a">Έλληνες</subfield>
   <subfield code="x">Εγκλήματα κατά των</subfield>
   <subfield code="z">Τουρκία</subfield>
   <subfield code="x">Ιστορία.</subfield>
  </datafield>
  <datafield tag="650" ind1=" " ind2="4">
   <subfield code="a">Απέλαση</subfield>
   <subfield code="z">Τουρκία</subfield>
   <subfield code="x">Ιστορία.</subfield>
  </datafield>
  <datafield tag="650" ind1=" " ind2="4">
   <subfield code="a">Ανθρώπινα δικαιώματα.</subfield>
  </datafield>
  <datafield tag="852" ind1=" " ind2=" ">
   <subfield code="a">INST</subfield>
   <subfield code="b">UNIPILB</subfield>
   <subfield code="c">MAIN</subfield>
   <subfield code="e">20211207</subfield>
   <subfield code="h">325.21095609495 VIO</subfield>
   <subfield code="p">00186697</subfield>
   <subfield code="q">00186697</subfield>
   <subfield code="t">LOAN</subfield>
   <subfield code="y">0</subfield>
   <subfield code="4">1</subfield>
  </datafield>
  <datafield tag="960" ind1=" " ind2=" ">
   <subfield code="a">ΜΑΡΙΑ ΒΕΛ</subfield>
  </datafield>
 </record>
</collection>
